000 00371nam a22001097a 4500
008 230626b xxu||||| |||| 00| 0 eng d
082 _a328.30
_bKIPPRA
245 _aPublications Catalogue 2007/8
_bThe Kenya Institute for Public Policy Research and Analysis
260 _aKenya
_bThe Kenya Institute for Public Policy Research and Analysis
300 _a22p
942 _2ddc
_cBK
999 _c2593
_d2593